MARC

LEADER 00000n m0a2200000 4500
001 94134
005 20231031105521.0
035 |a (RuTPU)RU\TPU\book\100826 
090 |a 94134 
100 |a 20060407d1961 m y0rusy50 ca 
101 1 |a rus  |c eng 
102 |a RU 
105 |a a z 000zy 
200 1 |a Ядерная техника для инженеров  |e пер. с англ.  |f Р. Х. Эллис 
210 |a Москва  |c Госатомиздат  |d 1961 
215 |a 252 с.  |c ил. 
610 1 |a ядерная техника 
610 1 |a ядра 
610 1 |a атомное ядро 
610 1 |a элементарные частицы 
610 1 |a квантовые состояния 
610 1 |a радиоактивность 
610 1 |a излучение 
610 1 |a изотопы 
610 1 |a альфа-частицы 
610 1 |a бета-частицы 
610 1 |a метастабильные состояния 
610 1 |a распады 
610 1 |a ионизационные камеры 
610 1 |a счетчики 
610 1 |a источники 
675 |a 621.384  |v 3 
700 1 |a Эллис  |b Р. Х. 
801 1 |a RU  |b 63413507  |c 20060407  |g PSBO 
801 2 |a RU  |b 63413507  |c 20181024  |g PSBO 
942 |c BK